LEADER 01162nam a2200265 i 4500 001 000000047657 003 CaOOAMICUS 005 20080214000000.0 008 080214s1966 it u000 u ita u 013 $a18827 040 $aSeMil$bita 100 1 $aGentili, Elio,$c.$0(OLS)http://semarc/name/23686 245 10$aBibliografia Galileiana :$bfra i due centenari (1942-1964) /$cElio Gentili. 260 $aVenegono Inferiore (VA) :$bLa Scuola Cattolica,$cimpr. 1966. 300 $a131 p. ;$c24 cm. 490 0 $aHildephonsiana [La Scuola cattolica]$ ;$v8 500 $aFondo Card. Giovanni Colombo. 650 4$aGalilei, Galileo <1564-1642> - Bibliografia.$0(OLS)http://semarc/subject/10034 830 0$aHildephonsiana ;$v8.$0(OLS)http://semarc/title/7621 850 $aSeMil 852 $aSeMil$W1$xVenegono$y1$m2C V 48 °$j13812$B13812$CSeMilBibl$Z2$F13812 $81 941 1 $a3 961 $aLascito: Colombo Card. Giovanni 996 $6245$aBibliografia Galileiana :$bfra i due centenari (1942-1964)$9(OLS)http://semarc/title/71888 996 $6260$aVenegono Inferiore (VA) :$bLa Scuola Cattolica$9(OLS)http://semarc/publisher/29825 LEADER 01043nam a2200253 i 4500 001 000000185594 003 CaOOAMICUS 005 20100209000000.0 008 100209s1983 it u000 u ita u 013 $a163614 040 $aSeMil$bita 100 1 $aAntonini, Ambrogio Maria.$0(OLS)http://semarc/name/15297 245 10$aVocabolario italiano milanese /$cAmbrogio Maria Antonini. 260 $aMilano :$bLibreria Meravigli,$c1983. 300 $aXIII, 477 p. :$bill. ;$c26 cm. 490 0 $aGrandi opere Meravigli 500 $aIn custodia con: Vocabolario milanese italiano. 650 4$aDialetti italiani - Lombardia - Milano - Dizionari.$0(OLS)http://semarc/subject/8823 830 0$aGrandi opere Meravigli.$0(OLS)http://semarc/title/30660 850 $aSeMil 852 $aSeMil$W1$xVenegono$y1$B136285$CSeMilBibl$Z2$F148457 $8I 961 $aOmaggio: Villa mons. Luigi 996 $6245$aVocabolario italiano milanese$9(OLS)http://semarc/title/266747 996 $6260$aMilano :$bLibreria Meravigli$9(OLS)http://semarc/publisher/33313